[Event "Deutsche Einzelmeisterschaft 2012"]
[Date "2012.03.08"]
[Round "7.21"]
[Board "21"]
[White "Maehrlein, Christoph"]
[Black "Koehler, Gerhard, Dr."]
[Result "1-0"]
[WhiteClock "00:00:46"]
[BlackClock "00:33:00"]
[WhiteElo "2134"]
[BlackElo "2122"]
[PlyCount "77"]

1. d4 g6 2. c4 Bg7 3. Nc3 d6 4. e4 Nd7 5. Be3 e5 6. Nge2 Nh6 
7. f3 f6 8. Qd2 Nf7 9. d5 f5 10. O-O-O c5 11. exf5 gxf5 12. g4 fxg4 
13. fxg4 Nb6 14. Ng3 Bxg4 15. Be2 Qh4 16. Rdf1 Bxe2 17. Qxe2 Bh6 18. Nf5 Bxe3+ 
19. Nxe3 Rf8 20. Rhg1 O-O-O 21. Rg4 Qh5 22. Ne4 Kb8 23. Rf5 Qh6 24. Rf6 Qh5 
25. Qf3 Nd7 26. Rf5 Qh6 27. Kd2 Nh8 28. Rg2 Rxf5 29. Qxf5 Nb6 30. b3 Ng6 
31. Qf6 Kc7 32. Ng5 Rd7 33. Ne6+ Kb8 34. h4 Nc8 35. Rg5 Qxh4 36. Rxg6 Qh5 
37. Rg8 Qh2+ 38. Rg2 Qh1 39. Qf8 1-0

[Event "Deutsche Einzelmeisterschaft 2012"]
[Date "2012.03.09"]
[Round "8.1"]
[Board "1"]
[White "Khenkin, Igor"]
[Black "Bluebaum, Matthias"]
[Result "1/2-1/2"]
[WhiteClock "00:11:18"]
[BlackClock "00:31:00"]
[WhiteElo "2632"]
[BlackElo "2407"]
[PlyCount "115"]

1. d4 d5 2. c4 c6 3. cxd5 cxd5 4. Bf4 Nc6 5. e3 Nf6 6. Nc3 a6 
7. Bd3 Bg4 8. Nge2 e6 9. Rc1 Bd6 10. f3 Bh5 11. Na4 e5 12. dxe5 Nxe5 
13. O-O O-O 14. Nd4 Bg6 15. Bxg6 Nxg6 16. Bxd6 Qxd6 17. Qd2 Ne5 18. b3 Rac8 
19. Rxc8 Rxc8 20. Rc1 Rc7 21. Rxc7 Qxc7 22. Qc3 Qxc3 23. Nxc3 h5 24. Kf2 Kf8 
25. Ke2 g6 26. Na4 Nfd7 27. h3 Ke7 28. g4 hxg4 29. hxg4 f6 30. Nc3 Kd6 
31. e4 dxe4 32. Nxe4+ Kd5 33. Ke3 Nf7 34. Ne2 g5 35. f4 gxf4+ 36. Nxf4+ Ke5 
37. Ng6+ Ke6 38. Kd4 Nh6 39. Nf4+ Ke7 40. Nd5+ Ke6 41. Nf4+ Ke7 42. Nd5+ Ke6 
43. Ndxf6 Nxf6 44. Nc5+ Kd6 45. Nxb7+ Kc7 46. g5 Nh7 47. gxh6 Kxb7 48. Kc5 Kc7 
49. b4 Kb7 50. Kd6 Kb6 51. a4 Ng5 52. Kd7 Nh7 53. Kd6 Ng5 54. Ke7 Kc6 
55. Kf6 Nh7+ 56. Kg7 Ng5 57. Kg6 Ne6 58. Kf7 1/2-1/2

[Event "Deutsche Einzelmeisterschaft 2012"]
[Date "2012.03.09"]
[Round "8.2"]
[Board "2"]
[White "Stern, Rene"]
[Black "Fridman, Daniel"]
[Result "0-1"]
[WhiteClock "00:09:56"]
[BlackClock "00:23:00"]
[WhiteElo "2502"]
[BlackElo "2653"]
[PlyCount "102"]

1. d4 e6 2. c4 Nf6 3. Nc3 Bb4 4. Bd2 b6 5. f3 Bxc3 6. Bxc3 d5 
7. Qa4+ Bd7 8. Qb3 dxc4 9. Qxc4 Nd5 10. Bd2 a6 11. O-O-O Bb5 12. Qb3 Qd7 
13. Qa3 Nc6 14. e3 Bxf1 15. Rxf1 Ncb4 16. Kb1 Qb5 17. Nh3 c5 18. e4 Ne7 
19. Bxb4 cxb4 20. Qe3 O-O 21. Nf4 Rfd8 22. Rc1 Rd7 23. Rhd1 Rad8 24. Ne2 Nc6 
25. Qd3 Qxd3+ 26. Rxd3 Rd6 27. Rd2 Kf8 28. Rcd1 a5 29. b3 Na7 30. Kb2 Nb5 
31. Rd3 Ke7 32. R3d2 R6d7 33. Rd3 g5 34. R3d2 h5 35. Rd3 h4 36. h3 f5 
37. exf5 exf5 38. f4 gxf4 39. d5 Kf6 40. Nxf4 Nc3 41. R1d2 Re8 42. d6 Kg5 
43. Nd5 Rxd6 44. Nxc3 bxc3+ 45. Kxc3 Rxd3+ 46. Rxd3 Re2 47. a4 Rxg2 48. Rd6 Rg3+ 
49. Kc2 Rxh3 50. Rxb6 Re3 51. b4 h3 0-1

[Event "Deutsche Einzelmeisterschaft 2012"]
[Date "2012.03.09"]
[Round "8.3"]
[Board "3"]
[White "Siebrecht, Sebastian"]
[Black "Huschenbeth, Niclas"]
[Result "1/2-1/2"]
[WhiteClock "00:27:00"]
[BlackClock "00:29:00"]
[WhiteElo "2463"]
[BlackElo "2509"]
[PlyCount "84"]

1. d4 Nf6 2. c4 e6 3. Nf3 b6 4. g3 Bb7 5. Bg2 c5 6. Nc3 cxd4 
7. Qxd4 Nc6 8. Qd1 Bb4 9. Bd2 O-O 10. O-O Rc8 11. Rc1 Na5 12. Ne4 Bxd2 
13. Nexd2 d5 14. cxd5 Rxc1 15. Qxc1 Qxd5 16. b4 Nc6 17. a3 e5 18. Nxe5 Nd4 
19. Bxd5 Nxe2+ 20. Kg2 Bxd5+ 21. Ndf3 Nxc1 22. Rxc1 Re8 23. Kf1 g5 24. h3 h5 
25. g4 hxg4 26. hxg4 Kg7 27. Re1 Be4 28. Re2 a6 29. Ke1 Re6 30. Nxf7 Rc6 
31. N3xg5 Bd3 32. Re3 Bg6 33. Ne5 Rc1+ 34. Ke2 Nd5 35. Rf3 Nc3+ 36. Ke3 Re1+ 
37. Kd4 Nb5+ 38. Kd5 Nc7+ 39. Kd6 Nb5+ 40. Kd5 Nc7+ 41. Kd6 Nb5+ 42. Kd5 Nc7+ 
1/2-1/2

[Event "Deutsche Einzelmeisterschaft 2012"]
[Date "2012.03.09"]
[Round "8.4"]
[Board "4"]
[White "Kotainy, Jens"]
[Black "Buhmann, Rainer"]
[Result "1-0"]
[WhiteClock "00:08:16"]
[BlackClock "00:13:51"]
[WhiteElo "2392"]
[BlackElo "2614"]
[PlyCount "57"]

1. e4 c6 2. d4 d5 3. exd5 cxd5 4. c4 Nf6 5. Nc3 Nc6 6. Nf3 Bg4 
7. cxd5 Nxd5 8. Qb3 Bxf3 9. gxf3 Nb6 10. d5 Nd4 11. Bb5+ Nd7 12. Qa4 Nxb5 
13. Qxb5 g6 14. O-O Bg7 15. Bg5 O-O 16. d6 f6 17. Bf4 Ne5 18. Bxe5 fxe5 
19. d7 e6 20. Ne4 Qh4 21. Qb3 Kh8 22. Rfc1 Bh6 23. Qxe6 Bxc1 24. Qxe5+ Kg8 
25. Rxc1 Rad8 26. Rc8 Rxf3 27. Nf6+ Kf7 28. Qe8+ Kg7 29. Qe7+ 1-0

[Event "Deutsche Einzelmeisterschaft 2012"]
[Date "2012.03.09"]
[Round "8.5"]
[Board "5"]
[White "Svane, Rasmus"]
[Black "Degtiarev, Evgeny"]
[Result "1/2-1/2"]
[WhiteClock "00:04:51"]
[BlackClock "00:07:08"]
[WhiteElo "2401"]
[BlackElo "2342"]
[PlyCount "73"]

1. Nf3 Nf6 2. c4 g6 3. Nc3 d5 4. cxd5 Nxd5 5. Qc2 Nc6 6. d4 Bg7 
7. e4 Nxc3 8. bxc3 O-O 9. Bg5 Na5 10. Rd1 c5 11. d5 Qd6 12. Be2 e5 
13. Nd2 Bd7 14. c4 f5 15. f3 f4 16. Bh4 g5 17. Bf2 h5 18. g4 h4 
19. h3 Rfc8 20. Nb1 Rab8 21. Nc3 Bf6 22. O-O Bd8 23. a4 a6 24. Ra1 b6 
25. Rfb1 Nb7 26. Nd1 a5 27. Nb2 Bc7 28. Nd3 Nd8 29. Qc3 Nf7 30. Ra2 Ra8 
31. Kg2 Ra6 32. Qa3 Bd8 33. Rab2 Kh7 34. Be1 Kg8 35. Bc3 Bc7 36. Qa1 Re8 
37. Rd2 1/2-1/2

[Event "Deutsche Einzelmeisterschaft 2012"]
[Date "2012.03.09"]
[Round "8.7"]
[Board "7"]
[White "Wagner, Dennis"]
[Black "Libeau, Rene Andre"]
[Result "1-0"]
[WhiteClock "00:14:34"]
[BlackClock "00:09:55"]
[WhiteElo "2379"]
[BlackElo "2399"]
[PlyCount "53"]

1. d4 e6 2. c4 f5 3. Nc3 Nf6 4. e3 d5 5. Bd3 c6 6. Nge2 Bd6 
7. f3 O-O 8. O-O Nbd7 9. Bd2 dxc4 10. Bxc4 Nb6 11. Bb3 Kh8 12. e4 e5 
13. dxe5 Bxe5 14. Bf4 Qc7 15. Bxe5 Qxe5 16. Qd4 Qe7 17. Nf4 fxe4 18. fxe4 Ng4 
19. Rad1 Bd7 20. h3 Ne5 21. a4 Qg5 22. h4 Qe7 23. Ne6 Nf3+ 24. Rxf3 Rxf3 
25. gxf3 Bxe6 26. Qe5 Re8 27. Qxe6 1-0

[Event "Deutsche Einzelmeisterschaft 2012"]
[Date "2012.03.09"]
[Round "8.9"]
[Board "9"]
[White "Donchenko, Alexander"]
[Black "Alber, Horst"]
[Result "1-0"]
[WhiteClock "00:00:00"]
[BlackClock "00:00:00"]
[WhiteElo "2309"]
[BlackElo "2340"]
[PlyCount "61"]

1. c4 Nf6 2. Nc3 d5 3. cxd5 Nxd5 4. Nf3 g6 5. e4 Nxc3 6. dxc3 Qxd1+ 
7. Kxd1 Bg7 8. Be3 O-O 9. Kc2 b6 10. Nd2 Bb7 11. f3 Nd7 12. a4 a5 
13. Nc4 Bc6 14. b3 f5 15. exf5 gxf5 16. Rd1 e5 17. Na3 f4 18. Bf2 Nf6 
19. Bc4+ Kh8 20. Nb5 e4 21. Nd4 Bb7 22. Rhe1 exf3 23. gxf3 c5 24. Re7 Bd5 
25. Bxd5 Nxd5 26. Rxg7 Ne3+ 27. Bxe3 fxe3 28. Ne6 Rfe8 29. Rd6 Rxe6 30. Rxh7+ Kxh7 
31. Rxe6 1-0

[Event "Deutsche Einzelmeisterschaft 2012"]
[Date "2012.03.09"]
[Round "8.10"]
[Board "10"]
[White "Scheider, Julian"]
[Black "Feuerstack, Aljoscha"]
[Result "1/2-1/2"]
[WhiteClock "00:29:00"]
[BlackClock "00:40:00"]
[WhiteElo "2275"]
[BlackElo "2438"]
[PlyCount "90"]

1. e4 c5 2. Nf3 e6 3. d4 cxd4 4. Nxd4 Nf6 5. Nc3 Nc6 6. Ndb5 Bb4 
7. a3 Bxc3+ 8. Nxc3 d5 9. exd5 exd5 10. Bd3 O-O 11. O-O d4 12. Ne2 Bg4 
13. f3 Bh5 14. Bg5 Bg6 15. Bh4 Qd6 16. Qd2 Rad8 17. Rad1 Rd7 18. Rfe1 Rc8 
19. Bf2 Rcd8 20. Qf4 Qxf4 21. Nxf4 Nd5 22. Nxg6 hxg6 23. Re4 a6 24. g3 Nb6 
25. Rde1 Na4 26. Re8+ Rxe8 27. Rxe8+ Kh7 28. b3 Nc5 29. Kf1 Nxd3 30. cxd3 Rd5 
31. Rc8 Rb5 32. b4 a5 33. bxa5 Rxa5 34. Rc7 Rxa3 35. Rxb7 Ne5 36. f4 Ng4 
37. Bxd4 Rxd3 38. Bg1 Rd1+ 39. Kg2 Rd2+ 40. Kf3 f5 41. h3 Nf6 42. Be3 Rh2 
43. Bd4 Nh5 44. Bf2 Nf6 45. Bd4 Nh5 1/2-1/2

[Event "Deutsche Einzelmeisterschaft 2012"]
[Date "2012.03.09"]
[Round "8.11"]
[Board "11"]
[White "Lubbe, Nikolas"]
[Black "Bastian, Herbert"]
[Result "0-1"]
[WhiteClock "00:03:08"]
[BlackClock "00:06:42"]
[WhiteElo "2429"]
[BlackElo "2343"]
[PlyCount "150"]

1. e4 c5 2. Nc3 e6 3. Nge2 d6 4. d4 cxd4 5. Nxd4 a6 6. g3 Nf6 
7. Bg2 Be7 8. O-O O-O 9. Re1 Qc7 10. a4 Nc6 11. Nxc6 bxc6 12. Qe2 e5 
13. f4 exf4 14. gxf4 Rb8 15. Kh1 Re8 16. b3 d5 17. e5 Ng4 18. Bb2 Bc5 
19. Nd1 Qe7 20. Bf3 Qh4 21. Rf1 Bf5 22. Bc3 Re6 23. Qg2 Rh6 24. Bxg4 Bxg4 
25. e6 Rg6 26. exf7+ Kh8 27. Re1 Rf8 28. Ne3 Bh3 29. Qf3 d4 30. b4 dxe3 
31. Rg1 Bg4 32. Qe4 Qe7 33. Be5 Qxf7 34. bxc5 Be6 35. Rxg6 Bd5 36. Qxd5 Qxd5+ 
37. Rg2 Rf7 38. Bd6 Rb7 39. Re1 Kg8 40. Kg1 Qd4 41. Rge2 g5 42. fxg5 Rf7 
43. c3 Qg4+ 44. Bg3 Qxg5 45. Rxe3 Qxc5 46. Kg2 Qd5+ 47. Kg1 h6 48. Re8+ Kh7 
49. Be5 Qf3 50. Rh8+ Kg6 51. Rg8+ Kh5 52. Bd4 Rf5 53. Rg3 Rg5 54. Rxg5+ hxg5 
55. a5 c5 56. Bxc5 Qxc3 57. Bf2 Qxa5 58. Rc1 Qb4 59. Rc5 Kg4 60. Rc1 Kh3 
61. Re1 Qg4+ 62. Kf1 Qg2+ 63. Ke2 Kxh2 64. Ke3 g4 65. Re2 Qf3+ 66. Kd2 Qd5+ 
67. Bd4+ Kh3 68. Kc3 g3 69. Re3 Kg4 70. Kd3 Qb5+ 71. Kd2 g2 72. Re4+ Kf3 
73. Re3+ Kf4 74. Re1 Qb4+ 75. Bc3 Qc5 0-1

[Event "Deutsche Einzelmeisterschaft 2012"]
[Date "2012.03.09"]
[Round "8.12"]
[Board "12"]
[White "Kabisch, Thilo"]
[Black "Schulz, Karsten"]
[Result "0-1"]
[WhiteClock "00:27:00"]
[BlackClock "00:11:54"]
[WhiteElo "2319"]
[BlackElo "2289"]
[PlyCount "54"]

1. e4 d6 2. d4 Nf6 3. Bd3 g6 4. Nf3 Bg7 5. c4 O-O 6. h3 Nc6 
7. Nc3 Nd7 8. d5 Nce5 9. g4 e6 10. Be3 Nxf3+ 11. Qxf3 f5 12. Qg3 Be5 
13. f4 Bxc3+ 14. bxc3 fxe4 15. Bxe4 Nb6 16. O-O-O Nxc4 17. Bd4 c5 18. dxc6 Qa5 
19. Rh2 bxc6 20. Bxg6 hxg6 21. Qd3 Qa3+ 22. Kb1 Rb8+ 23. Ka1 Kh7 24. Qxc4 c5 
25. Be3 Ba6 26. Bxc5 dxc5 27. Rd7+ Kh8 0-1

[Event "Deutsche Einzelmeisterschaft 2012"]
[Date "2012.03.09"]
[Round "8.13"]
[Board "13"]
[White "Pohl-Kuemmel, Jens-Uwe"]
[Black "Reipsch, Jens"]
[Result "1/2-1/2"]
[WhiteClock "00:12:31"]
[BlackClock "00:10:16"]
[WhiteElo "2319"]
[BlackElo "2217"]
[PlyCount "117"]

1. d4 Nf6 2. Nf3 c5 3. c4 cxd4 4. Nxd4 e5 5. Nc2 d5 6. cxd5 Qxd5 
7. Qxd5 Nxd5 8. a3 Bf5 9. Ne3 Nxe3 10. Bxe3 Nc6 11. Nd2 O-O-O 12. g3 f6 
13. Rc1 Kb8 14. Bg2 Nd4 15. Bxd4 Rxd4 16. Nb3 Rd7 17. O-O Be7 18. Na5 Rc8 
19. Rxc8+ Kxc8 20. Rc1+ Kb8 21. b4 Bd8 22. Nb3 Rc7 23. Rxc7 Kxc7 24. Bd5 Be7 
25. e4 Bd7 26. f3 Bc6 27. Bg8 h6 28. Kf2 Bb5 29. Ke3 Kd6 30. Nd2 Kc6 
31. Bb3 Kc7 32. f4 exf4+ 33. gxf4 g5 34. Nf3 Bd6 35. fxg5 hxg5 36. e5 Be7 
37. Nd4 Bd7 38. e6 Be8 39. Nf5 Kd8 40. Bc2 b6 41. Kd4 a5 42. Kc4 axb4 
43. axb4 b5+ 44. Kc3 Bf8 45. Bd3 Bg6 46. e7+ Bxe7 47. Nxe7 Bxd3 48. Nd5 Bf1 
49. Nxf6 Ke7 50. Ne4 g4 51. Kd4 Ke6 52. Ng3 Bg2 53. Kc5 Kf6 54. Kxb5 Kg5 
55. Kc5 Kh4 56. Nf5+ Kh3 57. Ne3 Bf3 58. b5 Kxh2 59. Nxg4+ 1/2-1/2

[Event "Deutsche Einzelmeisterschaft 2012"]
[Date "2012.03.09"]
[Round "8.15"]
[Board "15"]
[White "Mueller, Oliver"]
[Black "Dranischnikov, Egor"]
[Result "0-1"]
[WhiteClock "00:00:00"]
[BlackClock "00:00:00"]
[WhiteElo "2327"]
[BlackElo "2327"]
[PlyCount "70"]

1. d4 Nf6 2. c4 e6 3. Nc3 Bb4 4. a3 Bxc3+ 5. bxc3 c5 6. e3 d6 
7. Bd3 e5 8. Ne2 b6 9. e4 Nc6 10. O-O h6 11. f4 Bg4 12. fxe5 Bxe2 
13. Qxe2 dxe5 14. d5 Na5 15. Bc2 Qe7 16. Ba4+ Kf8 17. Qd3 Rd8 18. Bd2 Ne8 
19. Bxe8 Kxe8 20. Rf5 f6 21. Rb1 Rd6 22. Be3 Qc7 23. Bf2 Kd8 24. Rf3 Kc8 
25. Rg3 a6 26. Qe2 Rhd8 27. h4 R8d7 28. Rg6 Re7 29. g4 Qd7 30. g5 hxg5 
31. hxg5 Kc7 32. Bh4 Qh3 33. gxf6 Qxh4 34. Rf1 gxf6 35. Qg2 Nxc4 0-1

[Event "Deutsche Einzelmeisterschaft 2012"]
[Date "2012.03.09"]
[Round "8.16"]
[Board "16"]
[White "Rolle, Eric"]
[Black "Schindler, Christian"]
[Result "1/2-1/2"]
[WhiteClock "01:08:00"]
[BlackClock "01:29:00"]
[WhiteElo "2198"]
[BlackElo "2211"]
[PlyCount "20"]

1. d4 c5 2. d5 Nf6 3. Nf3 b5 4. c4 bxc4 5. Nc3 d6 6. e4 Bg4 
7. Bxc4 Nbd7 8. O-O g6 9. h3 Bxf3 10. Qxf3 Bg7 1/2-1/2

[Event "Deutsche Einzelmeisterschaft 2012"]
[Date "2012.03.09"]
[Round "8.17"]
[Board "17"]
[White "Mueller, Michael"]
[Black "Andre, Gordon"]
[Result "1/2-1/2"]
[WhiteClock "00:15:22"]
[BlackClock "00:04:43"]
[WhiteElo "2308"]
[BlackElo "2384"]
[PlyCount "234"]

1. d4 d5 2. Nf3 Nf6 3. Bf4 c5 4. e3 Nc6 5. c3 Qb6 6. Qb3 c4 
7. Qc2 Bf5 8. Qc1 h6 9. Be2 e6 10. h3 Be7 11. g4 Bg6 12. Nbd2 Rc8 
13. O-O O-O 14. Re1 Qa5 15. Bd1 Ne4 16. Nxe4 Bxe4 17. Nd2 Bd3 18. Bc2 Bxc2 
19. Qxc2 b5 20. a3 Qd8 21. e4 a5 22. Nf3 Ra8 23. Kg2 Qd7 24. Re2 Rfd8 
25. Rg1 Ra7 26. g5 hxg5 27. Bxg5 f6 28. Bf4 Bf8 29. Re3 Ne7 30. Kh2 dxe4 
31. Rxe4 Nf5 32. Qe2 Re8 33. Re1 Ra6 34. Bg3 Qd5 35. Nd2 Kf7 36. Rg4 g6 
37. Rg1 Bh6 38. f4 e5 39. fxe5 Bxd2 40. Qxd2 fxe5 41. Qf2 e4 42. Be5 Rxe5 
43. dxe5 Qxe5+ 44. Qf4 Qxf4+ 45. Rxf4 e3 46. Re1 Rd6 47. a4 Rd2+ 48. Kg1 bxa4 
49. Rxc4 Rxb2 50. Rxa4 Rc2 51. Rc4 a4 52. Rxa4 Rxc3 53. Kg2 Rc2+ 54. Kf3 Rh2 
55. Kf4 Rxh3 56. Ra7+ Kf6 57. Ra6+ Kg7 58. Rg1 Rh4+ 59. Kg5 Rh5+ 60. Kf4 Rh4+ 
61. Ke5 Ne7 62. Ra7 Kf7 63. Rf1+ Ke8 64. Kf6 Re4 65. Rh1 Rf4+ 66. Ke5 Rf8 
67. Ke6 Nc6 68. Ra8+ Nd8+ 69. Ke5 e2 70. Re1 Kf7 71. Ke4 Re8+ 72. Kf3 Nc6 
73. Rxe8 Kxe8 74. Kxe2 Kf7 75. Kf3 Kf6 76. Ra1 Ke6 77. Ra6 Kd5 78. Kf4 Nb4 
79. Rxg6 Kd4 80. Rd6+ Kc5 81. Rd2 Nd5+ 82. Ke5 Nc3 83. Rd8 Kc4 84. Rd7 Nb5 
85. Rb7 Nc3 86. Rc7+ Kd3 87. Rc8 Nb5 88. Rd8+ Kc4 89. Rd7 Nc3 90. Rd4+ Kc5 
91. Rh4 Nb5 92. Ra4 Nc3 93. Rd4 Nb5 94. Rd8 Kc4 95. Rc8+ Kd3 96. Rc6 Nc3 
97. Rc5 Ne2 98. Rd5+ Kc4 99. Rd1 Nc3 100. Rd2 Kc5 101. Rd3 Kc4 102. Rh3 Nb5 
103. Rh4+ Kc5 104. Rg4 Nc3 105. Rg8 Kc4 106. Rd8 Nb5 107. Rd2 Nc3 108. Kf4 Nd5+ 
109. Ke5 Nc3 110. Rd8 Nb5 111. Ra8 Nc3 112. Rc8+ Kd3 113. Rc5 Ne2 114. Rd5+ Kc4 
115. Rd2 Nc3 116. Rc2 Kd3 117. Rxc3+ Kxc3 1/2-1/2

[Event "Deutsche Einzelmeisterschaft 2012"]
[Date "2012.03.09"]
[Round "8.18"]
[Board "18"]
[White "Riegler, Dieter"]
[Black "Schuetze, Norman"]
[Result "1/2-1/2"]
[WhiteClock "00:00:00"]
[BlackClock "00:00:00"]
[WhiteElo "2118"]
[BlackElo "2258"]
[PlyCount "36"]

1. d4 Nf6 2. c4 g6 3. Nc3 d5 4. Nf3 Bg7 5. Qb3 dxc4 6. Qxc4 O-O 
7. e4 Nc6 8. Be2 e5 9. d5 Nd4 10. Nxd4 exd4 11. Qxd4 c6 12. Qd1 Re8 
13. O-O Nxe4 14. Nxe4 Rxe4 15. dxc6 Rd4 16. Qb3 bxc6 17. Bc4 Qc7 18. Be3 Rd8 
1/2-1/2

[Event "Deutsche Einzelmeisterschaft 2012"]
[Date "2012.03.09"]
[Round "8.19"]
[Board "19"]
[White "Ohme, Melanie"]
[Black "Bartsch, Berthold"]
[Result "1/2-1/2"]
[WhiteClock "00:13:01"]
[BlackClock "00:08:56"]
[WhiteElo "2387"]
[BlackElo "2284"]
[PlyCount "157"]

1. e4 d5 2. exd5 Qxd5 3. Nf3 Nf6 4. d4 Bg4 5. Be2 e6 6. O-O Be7 
7. h3 Bh5 8. c4 Qd8 9. Qb3 Qc8 10. Nc3 O-O 11. Bf4 Bd6 12. Bg5 Nbd7 
13. Rfe1 Re8 14. Ne5 Bxe2 15. Rxe2 c5 16. Nxd7 Nxd7 17. Ne4 Bf8 18. d5 h6 
19. Bd2 exd5 20. cxd5 f5 21. Ng3 Rxe2 22. Nxe2 Bd6 23. Re1 c4 24. Qc2 Nb6 
25. Nd4 Nxd5 26. Nxf5 Bf8 27. Qe4 Qc6 28. Qg4 Kh7 29. Nh4 Rd8 30. Re6 Qd7 
31. Ng6 Nf6 32. Qf5 Qxd2 33. Nxf8+ Kg8 34. Ng6 Qd3 35. Ne7+ Kf7 36. Re5 Qxf5 
37. Nxf5 Rd1+ 38. Kh2 Rd2 39. Re7+ Kg6 40. g4 Nxg4+ 41. hxg4 Rxf2+ 42. Kg3 Rxb2 
43. a4 h5 44. Rxg7+ Kf6 45. Rc7 hxg4 46. Ne3 Ke6 47. Rxc4 b5 48. Re4+ Kd7 
49. Kxg4 a5 50. Kf3 Kc6 51. Re6+ Kc5 52. Re5+ Kc6 53. Nf5 bxa4 54. Rxa5 Rb4 
55. Ne3 Kb6 56. Rh5 Rb3 57. Ke2 a3 58. Nc4+ Kc7 59. Rc5+ Kd7 60. Ra5 Rh3 
61. Nxa3 Kc6 62. Nc2 Kb6 63. Rg5 Kc6 64. Ne3 Rh8 65. Kd3 Rh4 66. Nf5 Rh1 
67. Ke4 Re1+ 68. Ne3 Rh1 69. Rd5 Rh4+ 70. Kd3 Rh1 71. Rd8 Rh4 72. Nf5 Ra4 
73. Nd4+ Kc5 74. Ke4 Ra7 75. Rc8+ Kb6 76. Rc6+ Kb7 77. Kd5 Ra5+ 78. Kd6 Ra6 
79. Kd7 1/2-1/2

[Event "Deutsche Einzelmeisterschaft 2012"]
[Date "2012.03.09"]
[Round "8.20"]
[Board "20"]
[White "Meissner, Felix"]
[Black "Maehrlein, Christoph"]
[Result "1-0"]
[WhiteClock "00:04:03"]
[BlackClock "00:02:03"]
[WhiteElo "2258"]
[BlackElo "2134"]
[PlyCount "155"]

1. e4 d6 2. d4 Nf6 3. Nc3 g6 4. f4 Bg7 5. Nf3 c5 6. Bb5+ Bd7 
7. e5 Ng4 8. Bxd7+ Qxd7 9. d5 dxe5 10. h3 e4 11. hxg4 exf3 12. Qxf3 Na6 
13. Bd2 O-O-O 14. O-O-O f5 15. gxf5 gxf5 16. a3 Nc7 17. Be1 Qd6 18. g4 Bd4 
19. Kb1 fxg4 20. Qxg4+ Kb8 21. Rh5 Rdf8 22. f5 Rhg8 23. Qe4 Rg1 24. Ne2 Rf1 
25. Qg2 Rxe1 26. Rxe1 Nxd5 27. c3 Nf6 28. Rhh1 Be3 29. Qh2 Qxh2 30. Rxh2 Rg8 
31. Rh3 Bf2 32. Rf1 Ne4 33. Kc2 c4 34. Rxh7 Bc5 35. Nf4 Bd6 36. Ng6 Ng3 
37. Rf3 Nxf5 38. Rxf5 Rxg6 39. Rh4 Rg2+ 40. Kb1 Rg1+ 41. Ka2 b6 42. Rxc4 Kb7 
43. b4 Re1 44. a4 a6 45. Rd5 Re3 46. Kb3 Rh3 47. Re4 Kc6 48. Rf5 Rh8 
49. Kc4 Rc8 50. Rh5 Kd7+ 51. Kd3 Rg8 52. Reh4 Kc6 53. Rh3 Rg4 54. Rh8 Rg1 
55. Kc4 Ra1 56. Kb3 Rb1+ 57. Ka2 Rc1 58. Kb2 Rg1 59. Rc8+ Kb7 60. Rd8 Rg2+ 
61. Kb3 Rg1 62. Re8 Rb1+ 63. Ka2 Rc1 64. Kb2 Re1 65. Rhh8 Re3 66. Rh6 Kc7 
67. Rhh8 Kb7 68. Rhg8 Bf4 69. Rg4 Bd6 70. Rc4 b5 71. axb5 axb5 72. Rg4 Kc7 
73. Kc2 Be5 74. Rxe7+ Kd6 75. Kd2 Bxc3+ 76. Kxe3 Kxe7 77. Kd3 Bf6 78. Ke4 1-0

[Event "Deutsche Einzelmeisterschaft 2012"]
[Date "2012.03.09"]
[Round "8.21"]
[Board "21"]
[White "Koehler, Gerhard, Dr."]
[Black "Amos, Frank"]
[Result "1-0"]
[WhiteClock "00:02:39"]
[BlackClock "00:00:41"]
[WhiteElo "2122"]
[BlackElo "2162"]
[PlyCount "81"]

1. c4 g6 2. Nc3 Bg7 3. g3 e5 4. Bg2 Nc6 5. d3 d6 6. e3 f5 
7. Nge2 Nf6 8. Rb1 a5 9. Nd5 Ne7 10. Nec3 c6 11. Nxf6+ Bxf6 12. b3 O-O 
13. O-O g5 14. d4 Ng6 15. Ba3 Re8 16. dxe5 dxe5 17. Qc2 Qc7 18. Rbd1 Be6 
19. Na4 Qf7 20. Bd6 f4 21. Nc5 Bc8 22. Ne4 Be7 23. Bxe7 Qxe7 24. Nd6 Rf8 
25. exf4 gxf4 26. Rfe1 Bg4 27. Rd2 f3 28. Bf1 c5 29. h3 Rad8 30. hxg4 Rxd6 
31. Rxd6 Qxd6 32. Rd1 Qe6 33. Qe4 Rf7 34. Rd5 b6 35. Kh2 Qf6 36. Qe3 Re7 
37. g5 Qf5 38. Bh3 Qc2 39. Rd2 Qb1 40. Qxf3 Re8 41. Rd7 1-0

[Event "Deutsche Einzelmeisterschaft 2012"]
[Date "2012.03.10"]
[Round "9.1"]
[Board "1"]
[White "Kotainy, Jens"]
[Black "Khenkin, Igor"]
[Result "1/2-1/2"]
[WhiteClock "00:55:00"]
[BlackClock "01:20:00"]
[WhiteElo "2392"]
[BlackElo "2632"]
[PlyCount "47"]

1. e4 c6 2. c4 d5 3. exd5 Nf6 4. d4 cxd5 5. Nc3 Nc6 6. Nf3 Bg4 
7. cxd5 Nxd5 8. Qb3 Bxf3 9. gxf3 e6 10. Qxb7 Nxd4 11. Bb5+ Nxb5 12. Qc6+ Ke7 
13. Qxb5 Qd7 14. Nxd5+ Qxd5 15. Bg5+ f6 16. Qxd5 exd5 17. Be3 Kf7 18. O-O-O Rd8 
19. Rhg1 h5 20. Rd3 Rd7 21. Rgd1 Ke6 22. Re1 Kf5 23. Red1 Ke6 24. Re1 1/2-1/2

[Event "Deutsche Einzelmeisterschaft 2012"]
[Site "?"]
[Date "2012.03.10"]
[Round "9.2"]
[White "Fridman, Daniel"]
[Black "Jorczik, Julian"]
[Result "1-0"]
[WhiteElo "2653"]
[BlackElo "2391"]
[PlyCount "89"]
[EventDate "2012.??.??"]
[WhiteClock "0:11:44"]
[BlackClock "0:24:00"]

1. d4 Nf6 2. c4 g6 3. g3 Bg7 4. Bg2 O-O 5. Nc3 d6 6. Nf3 Nbd7 7. O-O e5 8. e4
c6 9. h3 Re8 10. Re1 a5 11. b3 Qb6 12. Na4 Qd8 13. dxe5 Nxe5 14. Nxe5 dxe5 15.
c5 Be6 16. Nb6 Qxd1 17. Rxd1 Rad8 18. Bd2 Bf8 19. Na4 Ra8 20. Be3 Rad8 21. Bd2
Ra8 22. Rac1 Nd7 23. Be3 Be7 24. Bf1 Rad8 25. Kg2 f6 26. Bd2 Ra8 27. f4 Kf7 28.
Bc4 Bxc4 29. Rxc4 Ke6 {Now Fridman goes for the win with a "petite
combination":} 30. Bxa5 Rxa5 31. f5+ gxf5 32. exf5+ Kxf5 33. Rxd7 Ke6 34. Rxb7
Rd8 35. Rc2 Rd5 36. Rc7 Bxc5 37. Rxc6+ Bd6 38. g4 e4 39. Nc3 Rd4 40. Ne2 Rd1
41. Nc3 Rd4 42. Ne2 Rd1 43. Ng3 Kd5 44. Nf5 {Black is in deep trouble - but
his next move is simply fatal.} Bf4 45. b4 (45. b4 Rb5 46. a4 {and the rook is
trapped because of the threat 47.R2c5#}) 1-0

[Event "Deutsche Einzelmeisterschaft 2012"]
[Date "2012.03.10"]
[Round "9.3"]
[Board "3"]
[White "Huschenbeth, Niclas"]
[Black "Wagner, Dennis"]
[Result "0-1"]
[WhiteClock "00:04:25"]
[BlackClock "00:02:34"]
[WhiteElo "2509"]
[BlackElo "2379"]
[PlyCount "116"]

1. g3 c5 2. Bg2 Nc6 3. c4 g6 4. Nf3 Bg7 5. O-O Nh6 6. Nc3 Nf5 
7. d3 O-O 8. Bd2 Rb8 9. a3 d6 10. b4 b6 11. b5 Ne5 12. Nxe5 Bxe5 
13. a4 Bb7 14. Bxb7 Rxb7 15. g4 Ng7 16. f4 Bf6 17. f5 e6 18. e4 Be5 
19. Ra2 h5 20. g5 exf5 21. exf5 Nxf5 22. Rxf5 gxf5 23. Qf3 Qc8 24. Nd5 f6 
25. g6 Re8 26. Qxh5 Qe6 27. Kf1 f4 28. Bxf4 Bxf4 29. Nxf4 Qe5 30. Qf3 Rbe7 
31. Nd5 Qe1+ 32. Kg2 Re2+ 33. Rxe2 Qxe2+ 34. Qxe2 Rxe2+ 35. Kg3 Kg7 36. h4 Ra2 
37. h5 Rxa4 38. Ne3 Ra1 39. Nf5+ Kg8 40. Ne7+ Kg7 41. Nf5+ Kg8 42. Kf2 Ra2+ 
43. Kf3 Ra1 44. Ne7+ Kg7 45. Nf5+ Kh8 46. Nxd6 Rd1 47. Nf5 Rxd3+ 48. Ke2 Rh3 
49. h6 Rh5 50. g7+ Kh7 51. Nd6 Rxh6 52. Nc8 Kxg7 53. Nxa7 f5 54. Nc8 Re6+ 
55. Kf3 Kf6 56. Na7 Kg5 57. Nc8 f4 58. Na7 Re3+ 0-1

[Event "Deutsche Einzelmeisterschaft 2012"]
[Date "2012.03.10"]
[Round "9.4"]
[Board "4"]
[White "Degtiarev, Evgeny"]
[Black "Siebrecht, Sebastian"]
[Result "1/2-1/2"]
[WhiteClock "00:21:00"]
[BlackClock "00:22:00"]
[WhiteElo "2342"]
[BlackElo "2463"]
[PlyCount "99"]

1. d4 Nf6 2. c4 e6 3. Nc3 Bb4 4. Qb3 c5 5. e3 O-O 6. Nf3 Nc6 
7. Be2 cxd4 8. exd4 d5 9. O-O dxc4 10. Qxc4 Be7 11. Bf4 Nb4 12. Bc7 Qe8 
13. Nb5 Nbd5 14. Ne5 Ne4 15. Bd3 a6 16. Bxe4 Qxb5 17. Qxb5 axb5 18. Bxd5 exd5 
19. Rfe1 Re8 20. Nd3 Bd7 21. a3 Bf6 22. Be5 Bd8 23. Nc5 Bc6 24. f3 Ba5 
25. b4 Bd8 26. Ra2 Bh4 27. g3 Be7 28. Kf2 f6 29. Bf4 Kf7 30. Bc1 g5 
31. Rae2 h5 32. Nd3 Bd6 33. Rxe8 Bxe8 34. f4 g4 35. Bb2 Rc8 36. Rc1 Bc6 
37. Ne1 h4 38. Nc2 Rh8 39. Kg2 Re8 40. Re1 Rxe1 41. Nxe1 Kg6 42. Kf2 h3 
43. Ke3 Bd7 44. Nd3 Bf5 45. Bc1 b6 46. Bd2 Be4 47. Bc1 Kf5 48. Bd2 Bg2 
49. Bc1 Bf1 50. Bd2 1/2-1/2